000 00493nam a2200193Ia 4500
005 20250326144118.0
008 250326s9999 xx 000 0 und d
037 _aTextbook
040 _aFMSL
_beng
_cFMSL
041 _aeng
_2eng
084 _aO1113 P8
_qFMSL
100 _aTwain Mark
245 0 _aAdventure of Huckleberry Finn
_cTwain Mark
260 _aNY
_bNY, Puffin
_c2008
365 _b170
650 _aNovel
942 _cTB
_hO1113 P8
999 _c1302403
_d1302403